| 000 | 00687cam a2200181 4500 | ||
|---|---|---|---|
| 001 | WS110360 | ||
| 008 | 000000n 000 0 eng u | ||
| 035 | _a(Sirsi) u110360 | ||
| 110 |
_aUrban Design Alliance _94005 |
||
| 245 | _aUrban Design Alliance | ||
| 520 | _aSite for this group of organisations committed to 'improving the quality of urban life through urban design'. Includes links to their journal 'UDAL News', policy documents and details of initiatives. | ||
| 650 | _aURBAN DESIGN | ||
| 650 | _aURBAN RENEWAL | ||
| 650 | _aORGANISATION | ||
| 690 | _aREGENERATION | ||
| 856 | 4 | 0 |
_uhttps://www.udal.org.uk _zView the website free of charge at www.udal.org.uk... |
| 942 | _n0 | ||
| 999 |
_c119747 _d119747 |
||